Privateigentum und Marktwirtschaft.
Súkromné vlastníctvo a privatizácia vo východnom Nemecku a bývalých socialistických krajinách. Vlastnícke práva a ich historický vývoj. Diskusie o vlastníckych právach a otázka transakčných nákladov. Systémy usporiadania vlastníckych vzťahov. Model konkurenčného socializmu. Systém vlastníckych vzťah...
Salvato in:
| Autore principale: | |
|---|---|
| Natura: | Capitolo di libro |
| Lingua: | tedesco |
| Soggetti: | |
| Tags: |
Nessun Tag, puoi essere il primo ad aggiungerne!!
|
MARC
| LEADER | 00000naa a2200000 4500 | ||
|---|---|---|---|
| 001 | r010400 | ||
| 005 | 20221130113408.2 | ||
| 041 | 0 | |a ger | |
| 044 | |a DE | ||
| 245 | 1 | 0 | |a Privateigentum und Marktwirtschaft. |c G. Fels |
| 520 | |a Súkromné vlastníctvo a privatizácia vo východnom Nemecku a bývalých socialistických krajinách. Vlastnícke práva a ich historický vývoj. Diskusie o vlastníckych právach a otázka transakčných nákladov. Systémy usporiadania vlastníckych vzťahov. Model konkurenčného socializmu. Systém vlastníckych vzťahov v trhovom hospodárstve a jeho vytváranie v procese privatizácie. | ||
| 610 | 2 | 0 | |a hospodárstvo trhové |
| 610 | 2 | 0 | |a vlastníctvo súkromné |
| 610 | 2 | 0 | |a východná Európa |
| 610 | 2 | 0 | |a východné Nemecko |
| 610 | 2 | 0 | |a privatizácia |
| 610 | 2 | 0 | |a konkurencia |
| 610 | 2 | 0 | |a modely ekonomické |
| 610 | 2 | 0 | |a vlastníctvo |
| 610 | 2 | 0 | |a náklady |
| 610 | 2 | 0 | |a diskusia |
| 100 | 1 | |a Fels, G. | |